| 000 | 00789cab a2200217 4500 | ||
|---|---|---|---|
| 001 | E86873 | ||
| 008 | 090401t1997 xxu||||| |||| 00| 0 eng d | ||
| 035 | _a(Sirsi) u81270 | ||
| 041 | _aeng | ||
| 245 | _aCo-operative Wholesale Society Ltd v Saxone Ltd | ||
| 260 | _c1997 | ||
| 350 | _a0 | ||
| 490 |
_aScots Law Times _v1997 SLT 1052-1056(5) |
||
| 520 | _aOuter House. Lord Hamilton. 17 April 1997. Landlord and tenant - lease - tenants under contractual obligation to occupy and keep open premises as high class shop - whether sufficiently precise to be enforceable by specific implement. | ||
| 650 | _aCOMMERCIAL LEASES | ||
| 650 | _aKEEP OPEN CLAUSES | ||
| 650 | _aSCOTS LAW | ||
| 690 | _aLANDLORD AND TENANT-CASE LAW-BUSINESS TENANCIES | ||
| 942 | _n0 | ||
| 948 | _c06/10/1997 | ||
| 999 |
_c51209 _d51209 |
||